Govt. of
Madhya Pradesh

Normal view MARC view

Entry Personal Name

Number of records used in: 0

001 - CONTROL NUMBER

  • control field: 71609

003 - CONTROL NUMBER IDENTIFIER

  • control field: OSt

005 - DATE AND TIME OF LATEST TRANSACTION

  • control field: 20180401155300.0

008 - FIXED-LENGTH DATA ELEMENTS

  • fixed length control field: 180401|| aca||aabn | a|a d

040 ## - CATALOGING SOURCE

  • Original cataloging agency: OSt
  • Transcribing agency: OSt

100 ## - HEADING--PERSONAL NAME

  • Personal name: शोभा अग्रवाल चिलबिल

670 ## - SOURCE DATA FOUND

  • Source citation: Work cat.: (OSt): शोभा अग्रवाल चिलबिल, महिला अाधिकार उत्‍पीडन के कारण और समाधान, 2016